000 00405nam a22001697a 4500
003 SGT
020 _a9788121929370
082 _a363.7
_bE25M
100 _aMISHRA, D.D.
245 _aFUNDAMENTAL CONCEPTS IN ENVIRONMENTALS STUDIES
250 _a1ST
260 _aINDIA
_bS. CHAND PUB
_c2025
300 _a271
650 _aENVIRONMENTAL STUDIES
653 _aENVIRONMENTAL STUDIES
942 _2ddc
_cBK
999 _c33131
_d33131